Programa de literatura preceptiva / (Record no. 160573)

MARC details
000 -LEADER
campo de control de longitud fija 00697nam a2200181 i 4500
001 - NÚMERO DE CONTROL
campo de control 160573
003 - IDENTIFICADOR DE NÚMERO DE CONTROL
campo de control ES-MaACL
005 - FECHA Y HORA DE LA ÚLTIMA TRANSACCIÓN
campo de control 20231228063238.0
008 - DATOS DE LONGITUD FIJA--INFORMACIÓN GENERAL
campo de control de longitud fija 990205s1898 sp |||| | spa d
100 1# - ENTRADA PRINCIPAL--NOMBRE DE PERSONA
Nombre de persona Navarro y Ledesma, F.,
Fechas asociadas al nombre 1869-1905
9 (RLIN) 85189
245 10 - MENCIÓN DEL TÍTULO
Título Programa de literatura preceptiva /
Mención de responsabilidad, etc. por Francisco Navarro y Ledesma.
260 ## - PUBLICACIÓN, DISTRIBUCIÓN, ETC.
Lugar de publicación, distribución, etc. Madrid :
Nombre del editor, distribuidor, etc. [s.n.],
Fecha de publicación, distribución, etc. 1898 (
Fabricante Estab. tip. de La Revista Moderna, a cargo de Vicente Guillén)
300 ## - DESCRIPCIÓN FÍSICA
Extensión 23 p. ;
Dimensiones 21 cm.
650 #4 - PUNTO DE ACCESO ADICIONAL DE MATERIA--TÉRMINO DE MATERIA
Término de materia o nombre geográfico como elemento de entrada Literatura-
Subdivisión de forma Programas de estudio.
9 (RLIN) 144364
650 #4 - PUNTO DE ACCESO ADICIONAL DE MATERIA--TÉRMINO DE MATERIA
Término de materia o nombre geográfico como elemento de entrada Preceptiva literaria.
9 (RLIN) 150091
852 ## - LOCALIZACIÓN
Ubicación ES-MaACL
Número de control de estantería B-1995(2)
Nota libre - Enc. pasta española
-- . - Donativo del autor
Holdings
Estatus retirado Estado de pérdida Estado de daño No para préstamo Colección Biblioteca de origen Biblioteca actual Ubicación en estantería Fecha de adquisición Fuente de adquisición Total de préstamos Signatura topográfica completa Código de barras Visto por última vez Precio de reemplazo Tipo de ítem Koha
        Libros del s. XIX Biblioteca del Ateneo de Madrid Biblioteca del Ateneo de Madrid Sala Pardo Bazán 17/01/2008     B-1995(2) 1168132 23/02/2023 23/02/2023 Libro impreso antiguo